000
00257nam a22001097a 4500
008
230620b xxu||||| |||| 00| 0 eng d
082
_a
322.42
_b
HUX
245
_a
A Thing to Love
260
_a
London
_b
Chatto & Windus
_c
1954
300
_a
253p
942
_2
ddc
_c
BK
999
_c
1854
_d
1854